header

Post-Kyoto (Record no. 7598)

MARC details
000 -LEADER
fixed length control field 01399nam a2200337 a 4500
001 - CONTROL NUMBER
control field ebr10698271
003 - CONTROL NUMBER IDENTIFIER
control field CaPaEBR
006 - FIXED-LENGTH DATA ELEMENTS--ADDITIONAL MATERIAL CHARACTERISTICS--GENERAL INFORMATION
fixed length control field m o u
007 - PHYSICAL DESCRIPTION FIXED FIELD--GENERAL INFORMATION
fixed length control field cr cn|||||||||
008 - FIXED-LENGTH DATA ELEMENTS--GENERAL INFORMATION
fixed length control field 080529s2008 nyuad sb 001 0 eng d
010 ## - LIBRARY OF CONGRESS CONTROL NUMBER
Canceled/invalid LC control number 2008023109
020 ## - INTERNATIONAL STANDARD BOOK NUMBER
Cancelled/invalid ISBN 9781604568400 (hbk.)
Cancelled/invalid ISBN 1604568402 (hbk.)
Cancelled/invalid ISBN 9781616681012 (e-book)
040 ## - CATALOGING SOURCE
Original cataloging agency CaPaEBR
Transcribing agency CaPaEBR
035 ## - SYSTEM CONTROL NUMBER
System control number (OCoLC)849928104
050 14 - LIBRARY OF CONGRESS CALL NUMBER
Classification number QC981.8.C5
Item number C2195 2008eb
082 04 - DEWEY DECIMAL CLASSIFICATION NUMBER
Classification number 363.738/74526
Edition number 22
100 1# - MAIN ENTRY--PERSONAL NAME
Personal name Clarke, Matthew,
Dates associated with a name 1969-
245 10 - TITLE STATEMENT
Title Post-Kyoto
Medium [electronic resource] :
Remainder of title designing the next international climate change protocol /
Statement of responsibility, etc Matthew Clarke.
260 ## - PUBLICATION, DISTRIBUTION, ETC. (IMPRINT)
Place of publication, distribution, etc New York :
Name of publisher, distributor, etc Nova Science Publishers,
Date of publication, distribution, etc c2008.
300 ## - PHYSICAL DESCRIPTION
Extent 158 p. :
Other physical details ill. (some col.)
504 ## - BIBLIOGRAPHY, ETC. NOTE
Bibliography, etc Includes bibliographical references (p. [137]-143) and index.
533 ## - REPRODUCTION NOTE
Type of reproduction Electronic reproduction.
Place of reproduction Palo Alto, Calif. :
Agency responsible for reproduction ebrary,
Date of reproduction 2013.
Note about reproduction Available via World Wide Web.
-- Access may be limited to ebrary affiliated libraries.
650 #0 - SUBJECT ADDED ENTRY--TOPICAL TERM
Topical term or geographic name as entry element Climatic changes
General subdivision Government policy.
Topical term or geographic name as entry element Greenhouse gas mitigation
General subdivision International cooperation.
Topical term or geographic name as entry element Environmental policy
General subdivision International cooperation.
655 #7 - INDEX TERM--GENRE/FORM
Genre/form data or focus term Electronic books.
Source of term local
710 2# - ADDED ENTRY--CORPORATE NAME
Corporate name or jurisdiction name as entry element ebrary, Inc.
856 40 - ELECTRONIC LOCATION AND ACCESS
Uniform Resource Identifier <a href="http://site.ebrary.com/lib/rucke/Doc?id=10698271">http://site.ebrary.com/lib/rucke/Doc?id=10698271</a>
Public note An electronic book accessible through the World Wide Web; click to view

No items available.

© 2026 Rongo University
Contact us: librarian | system librarian | Rongo university